Molybdenum and nickel foliar application on soybean yield and oil and protein contents (Registro n. 338072)
[ somente texto ]
| 000 -LÍDER | |
|---|---|
| fixed length control field | 03836nab a2200385 4500 |
| 003 - CÓDIGO MARC DA AGÊNCIA CATALOGADORA | |
| Campo de controle | BR-BrBNA |
| 005 - DATA E HORA DA ÚLTIMA ATUALIZAÇÃO | |
| Campo de controle | 20250908233103.0 |
| 008 - CAMPO DE TAMANHO FIXO | |
| fixed length control field | 250908b2024 bl.ar|pooa||| 00| 0 eng | |
| 040 ## - FONTE DA CATALOGAÇÃO | |
| Agência catalogadora | BR-BrBNA |
| Idioma da catalogação | por |
| 072 ## - CATEGORIA AGRIS | |
| Código AGRIS | F01 ; F04 ; H50 |
| Código do objeto | 0336 ; 9543 ; 3730 ; 3866 ; 3840 |
| 100 ## - ENTRADA PRINCIPAL - NOME PESSOAL | |
| Nome pessoal | Moreira, Adônis |
| 100 ## - ENTRADA PRINCIPAL - NOME PESSOAL | |
| Nome pessoal | Cardoso, Bruna Miguel |
| 100 ## - ENTRADA PRINCIPAL - NOME PESSOAL | |
| Nome pessoal | Dameto, Larissa Sartori |
| 100 ## - ENTRADA PRINCIPAL - NOME PESSOAL | |
| Nome pessoal | Delfim, Jorge |
| 100 ## - ENTRADA PRINCIPAL - NOME PESSOAL | |
| Nome pessoal | Moraes, Larissa Alexandra Cardoso |
| 100 ## - ENTRADA PRINCIPAL - NOME PESSOAL | |
| Nome pessoal | Lazarini, Edson |
| 245 ## - TÍTULO PRINCIPAL | |
| Título principal | Molybdenum and nickel foliar application on soybean yield and oil and protein contents |
| 500 ## - NOTA GERAL | |
| Nota geral | Summaries (En, Pt); 30 ref.; 2 illus.; 4 tables |
| 942 ## - ADDED ENTRY ELEMENTS (KOHA) | |
| Koha item type | Analítica |
| 520 ## - NOTA DE RESUMO | |
| Nota de conteúdo | Abstract – The objective of this work was to evaluate the effect of the foliar application of molybdenum (Mo) and nickel (Ni) on the grain yield, yield components, and oil and protein contents in the grains of soybean cultivated under two edaphoclimatic conditions in Brazil. The following soybean genotypes were evaluated at the beginning of the R1–R2 growth stage: 'Brasmax Desafio RR', in the municipality of Londrina, in the state of Paraná; and 'TMG 7063 IPRO' and 'Brasmax Desafio RR', in the municipality<br/>of Selvíria, in the state of Mato Grosso do Sul. The treatments consisted in the application of four Mo rates (0, 400, 800, and 1,600 g ha-1) and three Ni rates (0, 60, and 120 g ha-1). The soybean genotypes exhibited varying responses to the two edaphoclimatic conditions. The foliar application of Mo is an effective strategy to increase the grain yield and protein content of 'TMG 7063 IPRO' e 'Brasmax Desafio RR'. However, with the application of 120 g ha-1 Ni, both genotypes show the worst performance for yield components and oil and protein contents. The 'Brasmax Desafio RR' genotype presents varied responses across different soil and climate conditions. Index terms: Glycine max, grain quality, micronutrients. |
| 520 ## - NOTA DE RESUMO | |
| Nota de conteúdo | Resumo – O objetivo deste trabalho foi avaliar o efeito da aplicação foliar de molibdênio (Mo) e níquel (Ni) sobre o rendimento de grãos, os componentes de produção e os teores de óleo e proteína nos grãos de soja cultivada sob duas condições edafoclimáticas no Brasil. Os seguintes genótipos de soja foram avaliados no início do estádio de crescimento reprodutivo R1–R2: 'Brasmax Desafio RR', no município de Londrina, no estado do Paraná; e 'TMG 7063 IPRO' e 'Brasmax Desafio RR', no município de Selvíria, no estado de Mato Grosso do Sul. Os tratamentos consistiram na aplicação de quatro doses de Mo (0, 400, 800 e 1.600 g ha-1) e três doses de Ni (0, 60 e 120 g ha-1). Os genótipos de soja apresentaram respostas distintas às duas condições edafoclimáticas. A aplicação foliar de Mo é uma estratégia eficaz para aumentar o rendimento de grãos e o teor de proteína em 'TMG 7063 IPRO' e 'Brasmax Desafio RR'. No entanto, com a aplicação de 120 g ha-1 de Ni, ambos os genótipos apresentam o pior desempenho quanto aos componentes de rendimento e aos teores de óleo e proteína. O genótipo 'Brasmax Desafio RR' apresenta respostas variadas em diferentes condições de solo e clima. Termos para indexação: Glycine max, qualidade de grãos, micronutrientes. |
| 650 ## - ASSUNTO - THESAGRO | |
| Cabeçalho tópico ou nome geográfico | SOJA |
| 650 ## - ASSUNTO - THESAGRO | |
| Cabeçalho tópico ou nome geográfico | ÓLEO |
| 650 ## - ASSUNTO - THESAGRO | |
| Cabeçalho tópico ou nome geográfico | PROTEÍNA |
| 650 ## - ASSUNTO - THESAGRO | |
| Cabeçalho tópico ou nome geográfico | APLICAÇÃO |
| 650 ## - ASSUNTO - THESAGRO | |
| Cabeçalho tópico ou nome geográfico | FOLHA |
| 650 ## - ASSUNTO - THESAGRO | |
| Cabeçalho tópico ou nome geográfico | MICRONUTRIENTE |
| 650 ## - ASSUNTO - THESAGRO | |
| Cabeçalho tópico ou nome geográfico | FERTILIZANTE |
| 650 ## - ASSUNTO - THESAGRO | |
| Cabeçalho tópico ou nome geográfico | MOLIBDÊNIO |
| 650 ## - ASSUNTO - THESAGRO | |
| Cabeçalho tópico ou nome geográfico | NÍQUEL |
| 650 ## - ASSUNTO - THESAGRO | |
| Cabeçalho tópico ou nome geográfico | RENDIMENTO |
| 773 0# - ENTRADA ANALÍTICA | |
| Host Biblionumber | 920 |
| Registro do item | 357578 |
| Imprenta | Brasília-DF Empresa Brasileira de Pesquisa Agropecuária - EMBRAPA 1966- |
| Outro identificador | 2025-5543 |
| Título | Pesquisa Agropecuária Brasileira (Brazil) |
| ISSN | 0100-204X |
| Colação | v. 59 p. 1-10; (2024) |
| Número de controle de registro | BR2025002378 |
| 856 ## - ACESSO E ENDEREÇO ELETRÔNICO | |
| Identificador uniforme de recurso - URI | https://www.scielo.br/j/pab/a/3ZydpDvVNcpdXfj5vkZ5XmS/?format=pdf&lang=en |
Nenhum exemplar disponível.

BINAGRI